000 01176nam a2200265Ia 4500
001 Z_927
008 220601s9999 xx 000 0 und d
020 _a968-18-0134-2
082 _a574.5 S88
100 _aSutton, David B.
_9110807
245 _aFundamentos de ecología: / David B. Sutton; coautor M. Paul Harmon; traductor J. Gabriel Velsco F.
260 _aMéxico : Limusa
300 _a293 p.
440 _aInstrucción programada LIMUSA
_9177718
500 _aTraducida de la obra en inglés: Ecology: selected conceptsLa biblioteca cuenta con: 1 ejemplar de la 3a reimpresión, 2 ejemplares de la 5a reimpresión, 1 ejemplar de la 6a reimpresión y 1 ejemplar de la 11a reimpresión de l990
503 _aej.1: s/n \ ej.2: C/E \ ej.3: s/n \ ej.4: donación (Javier Ocádiz) \ ej.5: Reposición (por el título: Biología celular. Avers)
504 _aIncluye bibliografía y glosario
650 _a1. Ecología
_9150504
700 _aI. Harmon, M. Paul, coautor II. Velsco F., J. Gabriel, tr.Ì
_9177719
901 _a574.5 S88
902 _aM
905 _a5232231980 mx amn 8222223321spa16
942 _c1
999 _c216842
_d216842